| 000 | 01098nam a22002417a 4500 | ||
|---|---|---|---|
| 005 | 20240822081635.0 | ||
| 008 | 240822t ||||| |||| 00| 0 spa d | ||
| 020 | _a9788411697316 | ||
| 040 |
_aCO-BoUCM _cDavid Moreno _dDavid Moreno |
||
| 041 | _aspa | ||
| 100 | 1 |
_aArce Rojas, David _959263 |
|
| 245 | 1 | 0 |
_aJusticia Trasicional de restitucion de tierras en Colombia y los sectores extractivosde hidrocarburos y minería _btensiones entre la utilidad y la justicia transicional de tierras _cDavid Arce Rojas, Jhorman Alexis Álvarez Fierro y Alejandro Roceros Abuchaibe |
| 260 |
_aBogotá, Colombia _bTirant lo Blanch _c2024 |
||
| 300 |
_a368 Paginas _bgraficas |
||
| 650 | 1 | 4 |
_aJusticia de transicion _zColombia _9182124 |
| 650 | 1 | 4 |
_aJusticia restaurativa _zColombia _930993 |
| 650 | 1 | 4 |
_aVictimas de guerra _zColombia _990660 |
| 651 |
_aColombia _xLey 1448 de 2011 _9182125 |
||
| 700 | 1 |
_aÁlvarez Fierro, Jhorman Alexis _9182126 |
|
| 700 | 1 |
_aRonderos Abuchaibe, Alejandro _9182127 |
|
| 942 |
_2DEWEY _a8 _cLIBRO _e1 _h342.083 _mA668j _n0 |
||
| 999 |
_c324556 _d324556 |
||